Ivanhoe (Registo nº 397)
[ vista simples ]
| 000 -Etiqueta do registo | |
|---|---|
| Cabeçalho | 00801nam0a2200253 4500 |
| 005 - Identificador da versão | |
| Campo de controlo | 20240821225127.0 |
| 010 ## - Número internacional normalizado dos livros (ISBN) | |
| Número (ISBN) | 9722217941 |
| 021 ## - Número do Depósito Legal | |
| Código do país | PT |
| Número | 145963/00 |
| 100 ## - Dados gerais de processamento | |
| Dados gerais de processamento | 20160311d2000 m y0pory5003 ba |
| 101 1# - Língua de publicação | |
| Língua do texto, banda sonora, etc. | Português |
| Língua do documento no original | Inglês |
| 102 ## - Pais de publicação ou produção | |
| País de publicação | Portugal |
| 200 1# - Titulo e menção de responsabilidade | |
| Título próprio | Ivanhoe |
| Primeira menção de responsabilidade | Walter Scott |
| Outras menções de responsabilidade | trad. Maria das Mercês de Mendonça Soares |
| -- | il. Augusto Trigo |
| 210 ## - Publicação, Distribuição, etc. | |
| Lugar da edição, distribuição, etc. | Lisboa |
| Nome do editor, distribuidor, etc. | Verbo |
| Data da publicação, distribuição, etc. | D.L. 2000 |
| 215 ## - Descrição física | |
| Indicação específica da natureza do documento e extensão da espécie | 206 p. |
| Outras indicações físicas | il |
| 225 2# - Colecção | |
| Título próprio da colecção | O prazer de ler |
| Nome de uma parte ou secção | Clássicos juvenis |
| Indicação de volume | 23 |
| 606 ## - Nome comum usado como assunto | |
| Número de registo de entrada de autoridade | 0002781 |
| Palavra de ordem | Literatura inglesa |
| Subdivisão de assunto | Romances históricos |
| Código do sistema | CA |
| 675 ## - Classificação Decimal Universal (CDU) | |
| Notação | 821.111-311.6 |
| Edição | 3ª ed. |
| Língua da edição | por |
| 700 ## - Nome de autor-pessoa física (responsabilidade principal) | |
| Número de registo de entrada de autoridade | 0000415 |
| Palavra de ordem | Scott |
| Outra parte do nome não tomada para palavra de ordem | Walter |
| Datas | 1771-1832 |
| 702 ## - Nome de autor-pessoa física (responsabilidade secundária) | |
| Número de registo de entrada de autoridade | 0000387 |
| Palavra de ordem | Soares |
| Outra parte do nome não tomada para palavra de ordem | Maria das Mercês de Mendonça |
| Código de função | Tradutor |
| Número de registo de entrada de autoridade | 0000388 |
| Palavra de ordem | Trigo |
| Outra parte do nome não tomada para palavra de ordem | Augusto |
| Datas | 1938- |
| Código de função | Ilustrador / Técnico de desenho computorizado |
| 942 ## - Elementos de entrada adicionados (Koha) | |
| Tipo de item no Koha | Livro |
| 966 ## - Identificação da Biblioteca | |
| Sigla | EB2,3ENM |
| Situação do levantamento | Origin of item (home branch) (coded) | Biblioteca de empréstimo | Código de barras | Cota | Circulation type (not for loan) | Tipo de documento | Nota do exemplar | Damaged status |
|---|---|---|---|---|---|---|---|---|
| Biblioteca Escolar Eng. Nuno Mergulhão | Biblioteca Escolar Eng. Nuno Mergulhão | BENM412 | 82LE-3 SCO | Livro | Sem mensagem |
